Chemical engineering
Saved in:
| Main Authors: | , |
|---|---|
| Format: | Bog |
| Sprog: | engelsk |
| Udgivet: |
Oxford
Butterworth-Heinemann
1993
|
| Udgivelse: | 2a. ed |
| Fag: | |
| Tags: |
Tilføj Tag
Ingen Tags, Vær først til at tagge denne postø!
|
MARC
| LEADER | 00000nam a2200000 a 4500 | ||
|---|---|---|---|
| 001 | UCQ4196 | ||
| 003 | CL-VaPUC | ||
| 008 | 980904e19930000UK |||||||||||||||||eng|d | ||
| 082 | 0 | 4 | |a 660.2 |b COU |2 21 |
| 100 | 0 | |a Coulson, John Metcalfe |e author |9 418460 | |
| 700 | 0 | |a Richardson, John Francis |e author |9 418461 | |
| 245 | 1 | 0 | |a Chemical engineering |
| 250 | |a 2a. ed | ||
| 300 | |a v | ||
| 942 | |c BK | ||
| 945 | |d 19980904 00:00:00 |a mvenant | ||
| 260 | |a Oxford |b Butterworth-Heinemann |c 1993 | ||
| 500 | |a v.6: Chemical Engineering design | ||
| 650 | 7 | |a INGENIERIA QUIMICA |2 CL-VaPUC |9 8 | |
| 650 | 0 | |a Diseño |9 260483 | |
| 650 | 0 | |a Costos |9 261063 | |
| 650 | 0 | |a Materiales |9 260800 | |
| 650 | 0 | |a Energía |9 259431 | |
| 650 | 7 | |a SISTEMA DE CONTROL |2 CL-VaPUC |9 386018 | |
| 650 | 0 | |a Destilación |9 263952 | |
| 650 | 0 | |a Transferencia de calor |9 336631 | |
| 583 | |a last modification |c 19980904 00:00:00 |k Rodrigo Vera | ||
| 999 | |c 274621 |d 274619 | ||
| 952 | |0 0 |1 0 |4 0 |6 660_200000000000000_COU_1993 |7 0 |8 A |9 310893 |a BIBING |b BIBING |d 2019-11-20 |h v.6 |i 3459349 |o 660.2 COU 1993 |p 3459349 |r 2025-01-20 |w 2019-11-20 |y BK |k EIB | ||